Winery in Pezinok

Salvato in:
Dettagli Bibliografici
Autore principale: Buachidze, Giorgi (Autore)
Altri autori: Pifko, Henrich (Relatore della tesi)
Natura: Manoscritto Libro
Lingua:slovacco
inglese
Pubblicazione: 2025
Soggetti:
Accesso online:http://is.stuba.sk/zp/portal_zp.pl?podrobnosti=186503
Tags: Aggiungi Tag
Nessun Tag, puoi essere il primo ad aggiungerne!!

MARC

LEADER 00000ntm a22000003a 4500
001 stuzp104558
003 SK-STU
005 20250607210610.0
007 ta
008 150427s2015----xo-----f-mn---000-0-slo-d
040 |a STU  |b slo 
041 0 |a eng 
100 1 |a Buachidze, Giorgi  |u 052120  |4 aut  |U FAD Fakulta architektúry a dizajnu  |T FAD Ústav ekologickej a experimentálnej architektúry  |X 128981  |U A2120  |Y 393  |7 128981 
242 0 1 |a Vinárstvo v Pezinku  |y slo 
245 1 0 |a Winery in Pezinok 
260 |c 2025 
650 4 |a skylights  |2 eng 
650 4 |a solar shading  |2 eng 
650 4 |a sustainability  |2 eng 
650 4 |a vinárstvo  |2 slo 
650 4 |a výroba vína  |2 slo 
650 4 |a Pezinkok  |2 slo 
650 4 |a udržateľnosť  |2 slo 
700 1 |a Pifko, Henrich  |u 052120  |k Z1  |4 ths  |U FAD Fakulta architektúry a dizajnu  |T FAD Ústav ekologickej a experimentálnej architektúry  |X 449  |U A2120  |Y 393  |7 A000000449 
856 4 |u http://is.stuba.sk/zp/portal_zp.pl?podrobnosti=186503